Qui sont ces médaillés américains aux Jeux Olympiques 2024 ? #1 - Statistiques

Statistiques générales
  • Ce quiz a été pris 19 fois
  • Le résultat moyen est 5 sur 20
Statistiques - réponses
Par images Hint Réponse % Correct
Basketball Stephen Curry
100%
Athlétisme Noah Lyles
93%
Gymnastique Artistique Simone Biles
93%
Athlétisme Shacarri Richardson
53%
Athlétisme Gabrielle Thomas
40%
Natation Caeleb Dressel
33%
Athlétisme Grant Holloway
33%
Cyclisme sur Route Chloe Dygert
20%
Natation Bobby Finke
13%
Basketball Diana Taurasi
13%
Escrime Lee Kiefer
13%
Surf Caroline Marks
7%
Natation Gretchen Walsh
7%
Aviron Nick Mead
7%
Natation Regan Smith
7%
Escalade Sam Watson
7%
Tir à l arc Brady Ellison
0%
Cyclisme Mountaine Bike Haley Batten
0%
Athlétisme Jasmine Moore
0%
Natation Katharine Berkoff
0%
Aucun quiz correspondant
Distribution des résultats
% des personnes avec chaque résultat
Percentile par nombre de réponses
Votre historique - résultats
Vous n’avez pas pris ce quiz